000 00656nam a22001937a 4500
003 OSt
005 20251204144947.0
008 251204b |||||||| |||| 00| 0 eng d
020 _a10 : 1-4180-1649-7.
040 _aDWCL-Main lib
_cOC
082 _24th ed.
_aCirc. 910.2373 G668t 2007
100 _aGorham, Ginger
245 _aTravel perspectives :
_ba guide to becoming a travel professional
_cGorham, Ginger
260 _aN. Y. :
_bThomson/Delmar Learning,
_cc2007.
300 _axv, 366 pages :
_bchiefly illustratioin ;
_c27 cm.
650 _21. Travel agents-Vocational guidance.
700 _aRice, Susan
942 _2ddc
_cBK-CIRC
_e4th ed.
_kCirc.
_n0
999 _c6855
_d6855